• 首页
  • 本馆介绍
  • 公告通知
  • 最新文献
  • 馆藏检索
  • 电子资源
  • 读者导购
  • 参考咨询
  • 我的图书馆
  • 登录
  • 详细信息显示
  • 放入我的书架
  • 预约/预借图书
  • 作者相关作品
  • 分类相关作品
  • 丛书相关作品
  • 出版社相关作品

书目信息

  • 表格格式
  • 工作单格式
  • 卡片格式
题名:
关公战秦琼
    
 
作者: 侯宝林 著
分册:  
出版信息: 北京   宝文堂书店  1980
页数: 28页
开本: 19cm
丛书名: 群众演唱小丛书
单 册:
中图分类: I239.77 , I239.7
科图分类:
主题词: 相声--中国--现代--选集 , 戏剧文学--剧本--中国
电子资源:
ISBN:
000 00782nam2 2200289 45
001 0180008229
005 20040415092646.5
010    @dCNY0.09
091    @a8070.32
100    @a19950703d1980 em y0chiy0121 ea
101 0  @achi
102    @aCN@b110000
105    @ay z 000by
106    @ar
200 10 @a关公战秦琼@Aguan gong zhan qin qiong@f侯宝林著
210    @a北京@c宝文堂书店@d1980
215    @a28页@d19cm
225 2  @a群众演唱小丛书
410  0 @120010@a群众演唱小丛书
606    @a相声@y中国@z现代@x选集
606 0  @a戏剧文学@x剧本@x中国
690    @aI239.77@v3
690    @aI239.7
701  0 @a侯宝林@Ahou bao lin@4著
801  0 @aCN@b上海图书馆@c20040415
801  2 @aCN@bNLC@c20040415
905    @f4@b40233-236@f2@b39750-751@f2@b39757-758@dI239.7@e10
    
    关公战秦琼/侯宝林著.-北京:宝文堂书店,1980
    28页;19cm.-(群众演唱小丛书)
    
    
    ISBN :CNY0.09
    
●
相关链接 在E读中查询图书 在五车中查询图书 在当当中查询图书 在豆瓣中查询图书


正题名:关公战秦琼     索取号:I239.7/10         预约/预借

序号 登录号 条形码 馆藏地/架位号 状态 备注
1 0039750   000960320   第二借阅区/ [索取号:I239.7/10] 在馆    
2 0039751   000960339   第二借阅区/ [索取号:I239.7/10] 在馆    
3 0039757   000960302   第二借阅区/ [索取号:I239.7/10] 在馆    
4 0040233   000960286   第二借阅区/ [索取号:I239.7/10] 在馆    
5 0040234   000960311   第二借阅区/ [索取号:I239.7/10] 在馆    
6 0040235   000960277   第二借阅区/ [索取号:I239.7/10] 在馆    
7 0040236   000960295   第二借阅区/ [索取号:I239.7/10] 在馆    
唐山师范学院图书馆 欢迎您!
大连网信软件有限公司© 版权所有